| 000 | 00525nam a22001817a 4500 | ||
|---|---|---|---|
| 005 | 20170213115342.0 | ||
| 008 | 170111b xxu||||| |||| 00| 0 eng d | ||
| 020 | _a0060191341 | ||
| 040 | _cPK-LaUMT | ||
| 082 |
_a613.0434 _bROI-R |
||
| 100 | _aRoizen, Michael F. | ||
| 245 |
_aRealAge : _bare you as young as you can be? _cMichael F. Roizen and Elizabeth Anne Stephenson |
||
| 260 |
_aNew York : _bCliff Street Books, _c1999 |
||
| 300 | _a335 p. | ||
| 650 | _aAging compugter programs | ||
| 650 | _aRealAge | ||
| 942 | _cBK | ||
| 999 |
_c90057 _d90057 |
||